Mýtus malého podnikání. 1
V posledných rokoch sa stretávame s názorom, že sú to malé podniky, ktoré vyhrávajú v medzinárodnej súťaži a sú hybnou silou ekonomického rozvoja. Zápory malého podnikania. Porovnanie malých a veľkých podnikov.
Na minha lista:
| Autor principal: | |
|---|---|
| Formato: | Capítulo de Livro |
| Idioma: | tcheco |
| Assuntos: | |
| Tags: |
Sem tags, seja o primeiro a adicionar uma tag!
|
MARC
| LEADER | 00000naa a2200000 4500 | ||
|---|---|---|---|
| 001 | r018439 | ||
| 005 | 20221208131023.3 | ||
| 041 | 0 | |a cze | |
| 044 | |a CZ | ||
| 245 | 1 | 0 | |a Mýtus malého podnikání. 1 |c J. Jirásek |
| 520 | |a V posledných rokoch sa stretávame s názorom, že sú to malé podniky, ktoré vyhrávajú v medzinárodnej súťaži a sú hybnou silou ekonomického rozvoja. Zápory malého podnikania. Porovnanie malých a veľkých podnikov. | ||
| 610 | 2 | 0 | |a podnik malý |
| 610 | 2 | 0 | |a podnikanie |
| 610 | 2 | 0 | |a podnik veľký |
| 100 | 1 | |a Jirásek, J. | |